书目信息 |
| 题名: |
浮生梦
|
|
| 作者: | 杜穆里埃 著 | |
| 分册: | ||
| 出版信息: | 南京 译林出版社 2000.03 |
|
| 页数: | 312页 | |
| 开本: | 32开 | |
| 丛书名: | ||
| 单 册: | ||
| 中图分类: | I561.45 | |
| 科图分类: | ||
| 主题词: | 文学 | |
| 电子资源: | ||
| ISBN: | 7-80657-035-7 | |
| 000 | 00568nam0 2200193 45 | |
| 001 | 0010191503 | |
| 005 | 20001019154236.7 | |
| 010 | @a7-80657-035-7@d15.00。4 | |
| 100 | @a20001019d2000 km y0chiy0120 ea | |
| 101 | 0 | @achi |
| 105 | @a z 000yy | |
| 200 | 1 | @a浮生梦@AFu Sheng Meng@f(英国)杜穆里埃著;姜秋霞译@F(Ying Guo)Du Mu Li Ai Zhu;Jiang Qiu Xia Yi |
| 210 | @d2000.03@a南京@c译林出版社 | |
| 215 | @a312页@d32开 | |
| 606 | 0 | @a文学 |
| 690 | @aI561.45@v3 | |
| 701 | 0 | @a杜穆里埃@4著 |
| 801 | @aCN@bPftUser@c20001019 | |
| 905 | @b178409-411@dI561.45@eD454/1@f3 | |
| 浮生梦/(英国)杜穆里埃著;姜秋霞译.-2000.03;南京:译林出版社 |
| 312页;32开 |
| ISBN 7-80657-035-7:15.00。4 |
| ● |
| 相关链接 |
|
|
|
正题名:浮生梦
索取号:I561.45/D454/1
 
预约/预借
| 序号 | 登录号 | 条形码 | 馆藏地/架位号 | 状态 | 备注 |
| 1 | 178400 | 201784006 | 文学库116/116文学库 20排5列4层/ [索取号:I561.45/D454/1] | 在馆 | |
| 2 | 178401 | 201784015 | 社科二线422/422社科库 30排1列3层/ [索取号:I561.45/D454/1] | 在馆 | |
| 3 | 178402 | 201784024 | 文学库116/116文学库 20排5列4层/ [索取号:I561.45/D454/1] | 在馆 | |
| 4 | 178409 | 201784097 | 文学库116/116文学库 20排5列4层/ [索取号:I561.45/D454/1] | 在馆 | |
| 5 | 178410 | 201784104 | 文学库116/ [索取号:I561.45/D454/1] | 在馆 | |
| 6 | 178411 | 201784113 | 社科二线400B/400B社科库 28排2列3层/ [索取号:I561.45/D454/1] | 在馆 |